| 000 | 00610nam a2200241Ia 4500 | ||
|---|---|---|---|
| 003 | OSt | ||
| 005 | 20221005035009.0 | ||
| 006 | a|||||r|||| 00| 0 | ||
| 007 | ta | ||
| 008 | 221004b |||||||| |||| 00| 0 eng d | ||
| 024 | _a68747 | ||
| 037 | _cTextual | ||
| 040 |
_aCRL _cCRL _beng |
||
| 041 |
_2eng _aeng |
||
| 082 | _aY:1.1'N, N5 | ||
| 100 |
_aSehgal S D _9587880 |
||
| 245 | 0 | _aRise and fall of human civilisation. | |
| 260 |
_aDelhi _bH K Books _c1995 |
||
| 300 |
_a288p. _ccm. |
||
| 650 | _aSOCIOLOGY | ||
| 942 |
_hY:1.1'N, N5 _cTEXL _2cc |
||
| 999 |
_c944429 _d944429 |
||